| 000 | 00355nam a2200145Ia 4500 | ||
|---|---|---|---|
| 008 | 150201s2007 xx 000 0 und d | ||
| 082 |
_a617.6 _bD2007S |
||
| 100 | _aSATISH KUMAR | ||
| 245 | _aDENTAL PULSE-BASIC SCIENCE-1 | ||
| 250 | _a4TH | ||
| 260 |
_bSAUNDERS _aHYDERABAD _c2007 |
||
| 300 | _a1-574 | ||
| 650 | _aGENERAL DENTISTRY | ||
| 942 |
_2ddc _cBK _01 |
||
| 999 |
_c3829 _d3829 |
||